• 首页
  • 本馆介绍
  • 公告通知
  • 最新文献
  • 馆藏检索
  • 电子资源
  • 读者导购
  • 参考咨询
  • 我的图书馆
  • 登录
  • 详细信息显示
  • 放入我的书架
  • 预约/预借图书
  • 作者相关作品
  • 分类相关作品
  • 丛书相关作品
  • 出版社相关作品

书目信息

  • 表格格式
  • 工作单格式
  • 卡片格式
题名:
儿童利用LOGO语言学习与智能开发
    
 
作者: 加斯科因 著 ;张杰夫 , 姜丽萍 译
分册:  
出版信息: 北京   春秋出版社  1989.10
页数: 174页
开本: 19cm
丛书名: 智能开发译丛
单 册:
中图分类: G623.5 , G4-51
科图分类:
主题词: LOGO语言--小学--课外读物 , 教育
电子资源:
ISBN: 7-5069-0168-4
000 01213nam2 2200313 45
001 0190017700
005 20061101105310.31
010    @a7-5069-0168-4@dCNY2.50
100    @a19921223d1989 cemy0chiy0121 ea
101 1  @achi@ceng
102    @aCN@b110000
105    @ay z 000yy
200 10 @a儿童利用LOGO语言学习与智能开发@AER TONG LI YONG LOGO YU YAN XUE XI YU ZHI NENG KAI FA@f(美)加斯科因等著@F( MEI ) JIA SI KE YIN DENG ZHU@g张杰夫,姜丽萍译
210    @a北京@c春秋出版社@d1989.10
215    @a174页@d19cm
225 2  @a智能开发译丛@f廖一帆主编
300    @a封面著者题名为:S·盖斯科因
330    @a本书作者认为应该通过LOGO语言-一种为儿童设计的理想的计算机语言-来帮助儿童学习,培养儿童的创造性思维能力。因此,本书着重讲述了如何通过LOGO来开发儿童智力问题。
410  0 @120010@a智能开发译丛
540 1  @a儿童 利用 LOGO 语言 学习 智能 开发@AER TONG LI YONG LOGO YU YAN XUE XI ZHI NENG KAI FA
606    @aLOGO语言@x小学@x课外读物
606 0  @a教育
690    @aG623.5@v三版
690    @aG4-51@v3
701  1 @a加斯科因@AJIA SI KE YIN@bS.@4著
702  0 @a张杰夫@AZHANG JIE FU@4译
702  0 @a姜丽萍@AJIANG LI PING@4译
801  0 @aCN@bTSSF@c20061101
905    @a10447@dG4-51@e25:8
    
    儿童利用LOGO语言学习与智能开发/(美)加斯科因等著/张杰夫,姜丽萍译.-北京:春秋出版社,1989.10
    174页;19cm.-(智能开发译丛/廖一帆主编)
    封面著者题名为:S·盖斯科因
    
    ISBN 7-5069-0168-4:CNY2.50
    本书作者认为应该通过LOGO语言-一种为儿童设计的理想的计算机语言-来帮助儿童学习,培养儿童的创造性思维能力。因此,本书着重讲述了如何通过LOGO来开发儿童智力问题。
●
相关链接 在E读中查询图书 在五车中查询图书 在当当中查询图书 在豆瓣中查询图书


正题名:儿童利用LOGO语言学习与智能开发     索取号:G4-51/25:8         预约/预借

序号 登录号 条形码 馆藏地/架位号 状态 备注
1 0227623   002055812   第一样本阅览室/ [索取号:G4-51/25:8] 在馆    
唐山师范学院图书馆 欢迎您!
大连网信软件有限公司© 版权所有